NFL Bengals Trivia - Statistics

General Stats
  • This quiz has been taken 139 times
  • The average score is 7 of 11
Answer Stats
Question Answer % Correct
Which is Joe burrow
94%
Teams that beat the bengals in the super bowl 49ers and rams
94%
What is the name of the stadium for the Bengals Paycor Stadium
75%
What was the worst record the Bengals have ever had 2-14
65%
When did the Bengals first go to the super bowl 1982
64%
Which player for the Bengals has the most rushing yards of all time Corey Dillion
64%
Who leads the Bengals in most receiving yards by a wide receiver of all time Chad Johnson
61%
When were the Bengals founded 1967
52%
Who leads the Bengals for most passing yards by a QB of all time Ken Anderson
46%
what is the Bengals all time record 403-479-5
43%
What did the last Bengals win the AFC north 2021
36%
No matching quizzes found
Score Distribution
Percent of People with Each Score
Percentile by Number Answered
Your Score History
You have not taken this quiz